[Event "Kingston Chan Memorial op"]
[Site "Kingston"]
[Date "2017.09.21"]
[Round "1"]
[White "Wilkinson, Ian"]
[Black "McKoy, Troy"]
[Result "1-0"]
[WhiteElo "1929"]
[BlackElo "1553"]
[PlyCount "119"]
[EventDate "2017.09.21"]
[EventType "swiss"]
[EventRounds "6"]
[EventCountry "JAM"]
[SourceTitle "EXT 2020"]
[Source "ChessBase"]
[SourceDate "2019.10.17"]
[SourceVersion "1"]
[SourceVersionDate "2019.10.17"]
[SourceQuality "1"]

1. e4 e5 2. Nf3 Nc6 3. Bb5 d6 4. d4 Bd7 5. Nc3 Nf6 6. Bg5 Be7 7. 0-0 0-0 8. Re1 Bg4 9. Bxc6 bxc6 10. dxe5 Bxf3 11. Qxf3 dxe5 12. Red1 Qc8 13. Rd3 Qe6 14. Rad1 Rab8 15. b3 a6 16. h3 h6 17. Bxf6 Bxf6 18. Qe3 Be7 19. Qa7 Qc8 20. Na4 Qb7 21. Qe3 Qb4 22. Qa7 Qb7 23. Qxb7 Rxb7 24. Nb2 f5 25. exf5 Rxf5 26. Nc4 e4 27. Rd7 Bc5 28. Ne3 Rf6 29. R1d2 a5 30. a4 h5 31. Rd8+ Kh7 32. Ra8 Bb6 33. Re8 Rf4 34. Rd7 Bc5 35. Rc8 Bd6 36. Ra8 Rb4 37. Rxa5 Rd4 38. Rxh5+ Kg6 39. g4 Rf3 40. Nf1 Rd1 41. Kg2 Rf4 42. Rf5 Rf3 43. Ne3 Rd2 44. Rxf3 exf3+ 45. Kxf3 Rd4 46. a5 Rf4+ 47. Ke2 Rf8 48. Nf5 Re8+ 49. Kf3 Be5 50. Re7 Rf8 51. Rxe5 Kf6 52. Rc5 g6 53. Nd4 Ke7+ 54. Kg3 Kd6 55. b4 Rb8 56. Rxc6+ Kd5 57. c3 g5 58. Rxc7 Kd6 59. Rg7 Rc8 60. Nb5+ 1-0